BUBT Library Online Catalog

Text book of Mohammedan Law / (Record no. 6170)

000 -LEADER
fixed length control field 00531nam a22001817a 4500
003 - CONTROL NUMBER IDENTIFIER
control field BUBTL
008 - FIXED-LENGTH DATA ELEMENTS--GENERAL INFORMATION
fixed length control field 191120b xxu||||| |||| 00| 0 eng d
082 ## - DEWEY DECIMAL CLASSIFICATION NUMBER
Classification number 340.59 / A511t / 2019
100 ## - MAIN ENTRY--PERSONAL NAME
9 (RLIN) 2476
Personal name Ahmad, Aqil
245 ## - TITLE STATEMENT
Title Text book of Mohammedan Law /
Statement of responsibility, etc. Aqil Ahmed, I.A.Khan
250 ## - EDITION STATEMENT
Edition statement 23rd ed.
260 ## - PUBLICATION, DISTRIBUTION, ETC. (IMPRINT)
Place of publication, distribution, etc. Allahabad,
Name of publisher, distributor, etc. Central Law Agency :
Date of publication, distribution, etc. c2019.
300 ## - PHYSICAL DESCRIPTION
Extent xxiii, 399 p. :
Dimensions 21 cm.
700 ## - ADDED ENTRY--PERSONAL NAME
9 (RLIN) 2477
Personal name Khan, Iqbal Ali
856 ## - ELECTRONIC LOCATION AND ACCESS
Password 0
Logon 0
Link text Download
942 ## - ADDED ENTRY ELEMENTS (KOHA)
Source of classification or shelving scheme
Koha item type Books
Holdings
Withdrawn status Lost status Source of classification or shelving scheme Damaged status Not for loan Collection code Permanent location Current location Shelving location Date acquired Source of acquisition Inventory number Total Checkouts Full call number Barcode Date last seen Copy number Price effective from Koha item type
          Non-fiction Bangladesh University of Business and Technology Library Bangladesh University of Business and Technology Library Law Stacks 03/24/2016 Purchase 22077   340.59 / A511t / 2019 BUBTL-200322077 11/20/2019 C-1 11/20/2019 Books
          Non-fiction Bangladesh University of Business and Technology Library Bangladesh University of Business and Technology Library Law Stacks 03/24/2016 Purchase 220778   340.59 / A511t / 2019 BUBTL-200322078 11/20/2019 C-2 11/20/2019 Books
        Not For Loan Non-fiction Bangladesh University of Business and Technology Library Bangladesh University of Business and Technology Library Law Stacks 03/24/2016 Purchase 22079   340.59 / A511t / 2019 BUBTL-200322079 11/20/2019 C-3 11/20/2019 Books

More Information About Library

Library Hours

  • Open: 9.00 am. to 9.00 pm.
  • Only Sunday: 9.00 am. to 6.00 pm.
  • Closed: Holiday

Contact to the University

Bangladesh University of Business and Technology Library

  • Mirpurl-2, 1216.
  • Phone:
  • Fax:
  • E-Mail: admin.library@bubt.edu.bd

Contact to the Library

Contact Person:

Md. Abdul Hakim Shah
Joint Librarian
PABX No:  113
Cell No: 01816332931
E-mail: official: admin.library@bubt.edu.bd
Personal: hakim.shah@bubt.edu.bd


BUBT Library

Copyright © 2021